000 02483cam a2200301 4500500
005 20260111145819.0
041 _afre
042 _adc
100 1 0 _aAssal, Sophie
_eauthor
245 0 0 _a« Caillera » / « chacha » : jargons et groupes de jeunes dans un lycée du 9/2
260 _c2005.
500 _a67
520 _aRésuméS’appuyant sur une observation de type ethnographique menée auprès d’élèves rencontrés dans leur lycée de la banlieue sud de Paris, cet article est centré sur les pratiques et représentations sociales de quelques « jeunes de cités » scolarisés. Il souhaite montrer ce que représente pour eux le lycée et comment ils y vivent au quotidien. Ce dernier, plus qu’une institution utile pour obtenir un diplôme, semble être avant tout un lieu de vie juvénile qui leur permet de maintenir un mode de vie proche de celui adopté dans la cité.
520 _aBased on an ethnographic study carried out among students of a secondary school in the southern suburb of Paris this article describes the practices and social representations of some of these « housing estates’ school students ». It shows what the secondary school represents to them and what their daily life looks like there. The school is more than a useful institution to get a diploma and seems to be first of all a place where young people can live a life similar to their own in a housing estate.
520 _aZusammenfassungAuf der Basis einer ethnographischen Studie, die bei Schülern eines Gymnasiums der südlichen Vororts von Paris durchgeführt wurde, beschreibt dieser Artikel die Praktiken und sozialen Vorstellungen einiger eingeschulten « Grosswohnsiedlungsjungen ». Er zeigt, was das Gymnasium für sie darstellt und wie ihr Leben dort aussieht. Dieses Gymnasium ist mehr als eine nützliche Institution, um ein Diplom zu bekommen. Es ist vor allem ein Ort, wo junge Leute ein Leben führen können, das ihrem eigenen in Grosswohnsiedlungen ähnlich ist.
690 _abanlieue
690 _acité
690 _alangage
690 _alycéen
690 _apratique sociale
690 _ahousing estate
690 _alanguage
690 _asecondary school student
690 _asocial practice
690 _asuburb
786 0 _nEthnologie française | 35 | 1 | 2005-03-01 | p. 117-127 | 0046-2616
856 4 1 _uhttps://shs.cairn.info/revue-ethnologie-francaise-2005-1-page-117?lang=fr&redirect-ssocas=7080
999 _c1636498
_d1636498